Pays qui touchent l'équateur - Mort subite - Statistiques

Statistiques générales
  • Ce quiz a été pris 254 fois
  • Le résultat moyen est 3 sur 11
Answers on the Grid
Answers color-coded by a green-red scale on the quiz's grid according to % correct below.
Bolivie
Brésil
Cameroun
Colombie
Équateur
France
Gabon
Guinée équatoriale
Guyana
Indonésie
Kenya
Kiribati
Malaisie
Ouganda
Pérou
République Démocratique
du Congo
République du Congo
Rwanda
Sao Tomé-et-Principe
Somalie
Suriname
Tanzanie
Venezuela
Yémen
 
Statistiques - réponses
Réponse % Correct
Brésil
75%
Équateur
61%
Colombie
43%
République Démocratique
du Congo
28%
Indonésie
24%
Gabon
19%
Kenya
17%
République du Congo
16%
Ouganda
10%
Somalie
9%
Sao Tomé-et-Principe
5%
Aucun quiz correspondant
Distribution des résultats
% des personnes avec chaque résultat
Percentile par nombre de réponses
Votre historique - résultats
Vous n’avez pas pris ce quiz